Protokol IPv6 - simulácie a nasadenie v sieti

Gespeichert in:
Bibliographische Detailangaben
1. Verfasser: Majerský, Patrik (Verfasst von)
Weitere Verfasser: Páleník, Tomáš (Betreuung Doktorarbeit)
Format: Manuskript Buch
Sprache:Slowakisch
Veröffentlicht: 2015
Schlagworte:
Online-Zugang:http://is.stuba.sk/zp/portal_zp.pl?podrobnosti=98036
Tags: Tag hinzufügen
Keine Tags, Fügen Sie das erste Tag hinzu!

MARC

LEADER 00000ntm a22000003a 4500
001 stuzp49446
003 SK-STU
005 20201221072000.3
007 ta
008 150427s2015----xo-----f-mn---000-0-slo-d
040 |a STU  |b slo 
041 0 |a slo 
100 1 |a Majerský, Patrik  |u 037000  |4 aut  |U FEI Fakulta elektrotechniky a informatiky  |T FEI Ústav telekomunikácií  |X 54251  |U E070  |Y 818  |7 54251 
242 0 1 |a Protocol IPv6 – simulations and implementation in network  |y eng 
245 1 0 |a Protokol IPv6 - simulácie a nasadenie v sieti 
260 |c 2015 
300 |a 44 s., príl. 
650 4 |a IPv6  |2 slo 
650 4 |a autokonfigurácia  |2 slo 
650 4 |a SLAAC  |2 slo 
650 4 |a DHCPv6  |2 slo 
650 4 |a simulácie  |2 slo 
650 4 |a DHCPv6  |2 eng 
650 4 |a simulation  |2 eng 
650 4 |a autoconfiguration  |2 eng 
650 4 |a SLAAC  |2 eng 
650 4 |a IPv6  |2 eng 
700 1 |a Páleník, Tomáš  |4 ths  |X 19622  |7 A000019622 
856 4 |u http://is.stuba.sk/zp/portal_zp.pl?podrobnosti=98036 
996 |b 284ER01842  |c E*Bc- 1842  |l EE37  |s P  |a 0  |w stuzp49446_0001 
SQL |a stuzp49446  |b DBP  |c SLO  |d Protokol IPv6 - simulácie a nasadenie v sieti  |e 54251  |f Majerský, Patrik  |g 037000  |h 19622  |i Páleník, Tomáš  |j 20150707  |k 78  |l 03  |m http://is.stuba.sk/zp/portal_zp.pl?podrobnosti=98036  |n B-TLK  |o 5.2.15. telekomunikácie